Dictionnaire des difficultés du français / (Record no. 2398)

MARC details
000 -LEADER
fixed length control field 01593cam a2200409Ia 4500
001 - CONTROL NUMBER
control field ocm85776869
003 - CONTROL NUMBER IDENTIFIER
control field TZ-ArACH
005 - DATE AND TIME OF LATEST TRANSACTION
control field 20130520162759.0
008 - FIXED-LENGTH DATA ELEMENTS--GENERAL INFORMATION
fixed length control field 070306t20062002fr bd 000 0 fre d
020 ## - INTERNATIONAL STANDARD BOOK NUMBER
International Standard Book Number 2849022675
020 ## - INTERNATIONAL STANDARD BOOK NUMBER
International Standard Book Number 9782849022672
035 ## - SYSTEM CONTROL NUMBER
System control number (OCoLC)85776869
040 ## - CATALOGING SOURCE
Original cataloging agency UAB
Language of cataloging fre
Transcribing agency TZ-ArACH
Modifying agency ZWZ
-- NLGGC
-- CHRRO
041 ## - LANGUAGE CODE
Language code of text/sound track or separate title Fre
049 ## - LOCAL HOLDINGS (OCLC)
Holding library TZAA
050 #4 - LIBRARY OF CONGRESS CALL NUMBER
Classification number REF PC2460
Item number .C64
082 04 - DEWEY DECIMAL CLASSIFICATION NUMBER
Classification number 443
Edition number 22
100 1# - MAIN ENTRY--PERSONAL NAME
Personal name Colin, Jean-Paul.
9 (RLIN) 10510
245 10 - TITLE STATEMENT
Title Dictionnaire des difficultés du français /
Statement of responsibility, etc Jean-Paul Colin.
246 14 - VARYING FORM OF TITLE
Title proper/short title Robert dictionnaire des difficultés du français
246 18 - VARYING FORM OF TITLE
Title proper/short title Difficultés du français
250 ## - EDITION STATEMENT
Edition statement [Nouv. éd.]
260 ## - PUBLICATION, DISTRIBUTION, ETC. (IMPRINT)
Place of publication, distribution, etc Paris :
Name of publisher, distributor, etc Dictionnaires Le Robert,
Date of publication, distribution, etc 2002.
300 ## - PHYSICAL DESCRIPTION
Extent xviii, 676 p. ;
Dimensions 18 cm.
490 1# - SERIES STATEMENT
Series statement Collection Les Usuels
504 ## - BIBLIOGRAPHY, ETC. NOTE
Bibliography, etc Comprend des réf. bibliogr.: p. [xiii]-xvi.
650 #6 - SUBJECT ADDED ENTRY--TOPICAL TERM
Topical term or geographic name as entry element Français (Langue)
General subdivision Fautes
Form subdivision Dictionnaires.
9 (RLIN) 10511
650 #6 - SUBJECT ADDED ENTRY--TOPICAL TERM
Topical term or geographic name as entry element Français (Langue)
General subdivision Usage
Form subdivision Dictionnaires.
9 (RLIN) 10512
650 #7 - SUBJECT ADDED ENTRY--TOPICAL TERM
Topical term or geographic name as entry element Français (langue)
General subdivision Fautes
-- Dictionnaires.
Source of heading or term ram
9 (RLIN) 10513
650 #7 - SUBJECT ADDED ENTRY--TOPICAL TERM
Topical term or geographic name as entry element Français (langue)
General subdivision Usage
-- Dictionnaires.
Source of heading or term ram
9 (RLIN) 10514
650 #7 - SUBJECT ADDED ENTRY--TOPICAL TERM
Topical term or geographic name as entry element Français (langue)
General subdivision Orthographe
-- Dictionnaires.
Source of heading or term ram
9 (RLIN) 10515
650 #7 - SUBJECT ADDED ENTRY--TOPICAL TERM
Topical term or geographic name as entry element Français (langue)
General subdivision Usage (grammaire)
Form subdivision Dictionnaire
9 (RLIN) 10516
650 #7 - SUBJECT ADDED ENTRY--TOPICAL TERM
Topical term or geographic name as entry element Difficulté (linguistique)
General subdivision Français (langue)
Form subdivision Dictionnaire
9 (RLIN) 10517
830 #0 - SERIES ADDED ENTRY--UNIFORM TITLE
Uniform title Usuels du Robert.
9 (RLIN) 10518
942 ## - ADDED ENTRY ELEMENTS (KOHA)
Source of classification or shelving scheme Library of Congress Classification
Koha item type Books
Holdings
Home library Current library Shelving location Date acquired Full call number Barcode Koha item type
African Court on Human and Peoples' Rights Library African Court on Human and Peoples' Rights Library   20/05/2013 REF PC2460 10027882 Books

African Court on Human and Peoples' Rights | For Inquiries Contact » +255 272 510 510